Statystyki dla 50 największych kont na Instagramie

Kliknij tutaj aby rozwiązać quiz!

Ogólne statystyki

  • Ten quiz został rozwiązany 220 razy
  • Średni wynik to 16 z 50

Statystyki odpowiedzi

#liczba obserwującychOsoba/MarkaPochodzenieProfesja/Rodzaj marki% Poprawnych
2471mlnCristiano RonaldoPortugaliaPiłkarz
95%
4353mlnLionel MessiArgentynaPiłkarz
77%
21176mlnNeymarBrazyliaPiłkarz
71%
1536mlnInstagramUSAPortal społecznościowy
69%
7327mlnKim KardashianUSAModelka, Celebrytka
69%
3362mlnKylie JennerUSAModelka, Celebrytka
67%
11251mlnJustin BieberKanadaPiosenkarz
66%
33111mlnFC BarcelonaHiszpaniaKlub Piłkarski
63%
8324mlnAriana GrandeUSAPiosenkarka, Aktorka
61%
14232mlnNikeUSAMarka Sportowa
57%
30122mlnReal MadrytHiszpaniaKlub Piłkarski
57%
5339mlnSelena GomezUSAPiosenkarka, Aktorka
54%
27134mlnRihannaBarbadosPiosenkarka
51%
4972.6mlnKylian MbappeFrancjaPiłkarz
50%
12251mlnKendall JennerUSAModelka, Celebrytka, Osobowość telewizyjna
46%
3980.9mlnNASAUSAAgencja Kosmiczna
43%
4375.9mlnShakiraKolumbiaPiosenkarka
43%
4674.8mlnDavid BeckhamWielka BrytaniaByły Piłkarz, Model
41%
6331mlnDwayne Johnson "The Rock"USAAktor, Wrestler
38%
28129mlnLeBron JamesUSAKoszykarz
37%
18200mlnNicki MinajUSA/T&T*Piosenkarka
37%
9270mlnBeyonceUSAPiosenkarka, Aktorka
36%
15220mlnTaylor SwiftUSAPiosenkarka
36%
25139mlnCardi BUSAAktorka, Raperka
34%
31118mlnAubrey "Drake" GrahamKanadaPiosenkarz
32%
10266mlnKhloe KardashianUSAModelka, Celebrytka
30%
20180mlnMiley CyrusUSAPiosenkarka, Aktorka
25%
22168mlnKaty PerryUSAPiosenkarka
24%
3596.3mlnUEFA Champions LeagueEuropaRozgrywki Piłkarskie
24%
16219mlnJennifer LopezUSAPiosenkarka, Aktorka
23%
19193mlnKourtney KardashianUSAModelka, Celebrytka, Osobowość telewizyjna
23%
34104mlnBillie EilishUSAPiosenkarka
22%
3685.5mlnDua LipaWielka BrytaniaPiosenkarka
22%
4278.6mlnKhaby LameSenegal/WłochyTiktoker
22%
4575mlnGigi HadidUSAModelka
20%
13235mlnNational GeographicUSAEdukacyjne Czasopismo, Kanał TV
11%
24149mlnZendayaUSAAktorka, Piosenkarka
11%
26138mlnDemi LovatoUSAAktorka, Piosenkarka
10%
23150mlnKevin HartUSAKomik, Aktor
8%
4873.1mlnVictoria's SecretUSAMarka Damskiej Odzieży i Perfum
8%
3784.9mlnGal GadotIzraelAktorka
6%
4180.4mlnLalisa Manobal "Lisa"TajlandiaPiosenkarka, Modelka
5%
29124mlnEllen DeGeneresUSAKomik, Osobowość telewizyjna
4%
4475.1mlnCalvin Cordozar Broadus Jr. "Snoop Dogg"USARaper
3%
4080.7mlnPriyanka ChopraIndieAktorka, Piosenkarka
3%
3882mlnVin DieselUSAAktor
3%
32117mlnChris BrownUSAPiosenkarz
2%
17210mlnVirat KohliIndieKrykiecista
2%
5070.3mlnNeha KakkarIndiePiosenkarka
1%
4773.7mlnShraddha KapoorIndieAktorka
0%

Rozkład punktacji

Percentyl według liczby udzielonych odpowiedzi

Procent ludzi z każdym wynikiem

Twoja historia wyników

Nie rozwiązałeś tego quizu